| 000 | 01187nas a2200277 a 4500 | ||
|---|---|---|---|
| 001 | 000043735 | ||
| 003 | DLC | ||
| 005 | 20240830145015.0 | ||
| 008 | 140408c19889999dr ur1p d 0 z0spa d | ||
| 040 |
_aDO-SdBNP _bspa _cBNPHU |
||
| 043 | _anwdr | ||
| 245 | 0 | 0 |
_aComercio y desarrollo/ : _bla revista de Baní. |
| 260 |
_aBaní, República Dominicana : _bComercio y desarrollo, _c1988. _fCOSOASA |
||
| 300 |
_av. : _bil. ; _c28 cm. |
||
| 310 | _aDesconocida | ||
| 362 | 1 | _aInicia con: Año.1, no.1, (Agosto, 1988) | |
| 500 | _aDescripción basada en: Año.1, no.1, (Agosto, 1988) | ||
| 500 | _aTítulo tomado de la portada | ||
| 500 | _aDirector: 1988, José Miguel Germán | ||
| 505 | 0 | _aRevista de interés general y dedicada al análisis y propuestas de soluciones en las áreas del comercio, la cultura y el desarrollo. | |
| 651 | 4 |
_aRepública Dominicana _xComercio _vPublicaciones periódicas _971553 |
|
| 651 | 4 |
_aBaní (República Dominicana{Rpara} _xComercio _vPublicaciones periódicas _971556 |
|
| 651 | 4 |
_aBaní (República Dominicana) _xVida social y costumbres _vPublicaciones periódicas _971557 |
|
| 700 | 1 |
_aGermán, José Miguel, _edir. _924828 |
|
| 942 |
_2ddc _cLBS1 |
||
| 999 |
_c43224 _d43224 |
||